000 00769nam a2200241 a 4500
008
020 _a0471805130 (pbk.)
049 _aMAIN
090 0 0 _aQK47
_bBOT
245 0 0 _aBotany :
_ba brief introduction to plant biology /
_cThomas L. Rost ... [et al.].
250 _a2nd ed.
260 _aNew York :
_bWiley,
_cc1984.
300 _axi, 342, [57] p., 22 p. of plates :
_bill. (some col.) ;
_c28 cm.
500 _aColor plates taken from the 6th ed. of: Botany / by T.E. Weier ... [et al.]--P. v.
500 _aIncludes indexes.
650 0 _aBotany.
700 1 _aRost, Thomas L.
907 _a.b10123829
_b22-01-13
_c01-06-04
003
005 20230123133724.0
040 _cNUST
942 _cBOOKS
_kQK47
_mBOT
999 _c153494
_d153494